| 000 | 00646nam a2200265Ia 4500 | ||
|---|---|---|---|
| 003 | OSt | ||
| 005 | 20220918221549.0 | ||
| 006 | a|||||r|||| 00| 0 | ||
| 007 | ta | ||
| 008 | 220917b |||||||| |||| 00| 0 eng d | ||
| 024 | _a201,123 | ||
| 037 | _cTextual | ||
| 040 |
_aARTS _cARTS _beng |
||
| 041 |
_2eng _aeng |
||
| 082 | _aO168:8x, 152K7 | ||
| 100 |
_axks _9140807 |
||
| 245 | 0 | _agWals rks Qwy >Ms | |
| 260 | _c1970 | ||
| 700 |
_a] v _9140808 |
||
| 700 |
_akizlkn _9140809 |
||
| 700 |
_aks/ _9140810 |
||
| 700 |
_ayh _9140811 |
||
| 942 |
_hO168:8x, 152K7 _cTEXL _2CC |
||
| 999 |
_c272931 _d272931 |
||